00601nam a2200193Ia 450000500170000000800410001702000150005808200130007324500680008626000500015430000130020465000220021765000180023965000100025770000220026794200060028995200970029599900150039220240606065727.0240331s9999 xx 000 0 und d a9628314254 bANXa323 3aAn X-ray of the Sri Lanka policing system & Torture of the poor aHongkongbAsian Human Rights Commissionc2005 a321 p ., aFight For Justice aPolice System aCrime aFernando,B. eedt cL 001040708LaWERCLbWERCLcSSCd2024-03-31l0o 323.4 ANXp6061r2024-03-31w2024-03-31yL c2264d2264